000 01107nac a22003617a 4500
001 BR0300764
003 BR-BrBNA
005 20240105122737.0
008 230509b bl.|||m| |||| 00| 0 por d
040 _aBR-BrBNA
_bpor
_cBiblioteca Nacional de Agricultura
072 _aF01; F08
090 _a1300 BR0300764
100 1 _aCheng, S.S.
100 1 _aChu, E.Y.
110 1 _aEMBRAPA Amazônia Oriental, Belém, PA (Brasil)
245 1 _aProdução de hortaliças sob cobertura de plástico agrícola na Amazônia Oriental
260 3 _aBelém, PA (Brasil):
_c2000.
300 _a25 p.
490 _aCircular Técnica - EMBRAPA Amazônia Oriental (Brazil)
_vno. 15
_xISSN 1517-221X
500 _a7 ref.
650 _aHORTALIÇA
650 _aSISTEMA DE CULTIVO
650 _aPLASTICULTURA
650 _aPLANTIO DIRETO
650 _aTRANSPLANTE DE PLANTA
650 _aDOENÇA DE PLANTA
650 _aCONTROLE BIOLÓGICO
650 _aPRODUÇÃO VEGETAL
650 _aQUALIDADE
650 _aAMAZÔNIA
909 _a202312
_bLúcia Elande
_c55
_dLúcia Elande
942 _2AGRIS
_n0
_cMS
999 _c292617
_d292617